000 00961nam a2200229Ii 4500
003 JO-AjNU
008 230605s9999||||xx |||||||||||||| ||und||
017 _a2014/4/1495
020 _a978-9957-801-755
040 _aJO-AjNU
_bara
_erda
_cJO-AjNU
041 _aara
050 1 4 _aBP80.A27.D437 2014
100 3 _aالضاري، حارث سليمان ؛ تقديم: عمر سليمان الأشقر,
_eauthor
_956885
245 0 0 _aأبو هريرة صاحب الرسول صلى الله عليه وسلم وخادمه:دراسة حديثية تاريخيه هادفة
250 _aط2/مزيدة ومنقحة
264 3 1 _aعمان: دار النفائس للنشر والتوزيع، 2014
300 _a104ص
336 _atext
_btxt
_2rdacontent
337 _aunmediated
_bn
_2rdamedia
338 _avolume
_bnc
_2rdacarrier
650 4 _aابو هريرة- نقد وتفسير- الحديث- تراجم الرواة- السيرة النبوية
_956886
999 _aA25459
_c29027
_d29027